Which of the Three III Quiz Stats

 Plays Quiz Updated Sep 9, 2017

Challenge
Share
Tweet
Embed
Score 0/26 Timer 06:00
0 Plays Today
Question Answer Wrong Answers
Which is Superman's alter ego? Clark Kent
98.2%
Clark Gable
1%
Clark Bar
0.3%
Which was Prime Minister of the United Kingdom? David Cameron
97.3%
David Bowie
0.6%
David Beckham
1.2%
Which was the father of communism? Karl Marx
95.4%
Karl Malone
1.1%
Karl Rove
1.2%
Which was the director of The Godfather? Francis Ford Coppola
94%
Francis Bacon
2.2%
Francis Drake
2.4%
Which portrayed Mr. Spock? Leonard Nimoy
93.1%
Leonard Bernstein
2.7%
Leonard Hofstadter
1.9%
Which was a Dutch painter and subject of Don McLean's 'Vincent'? Vincent van Gogh
92.9%
Vincent D'Onofrio
1.9%
Vincent Price
1.8%
Which married Nicole Kidman? Keith Urban
92.8%
Urban Meyer
3.1%
Urban Area
0.7%
Which became a cultural icon for his portrayal of James T. Kirk? William Shatner
92%
William Shakespeare
2.6%
William Shockley
2%
Which was America's most successful fighter ace in World War I? Eddie Rickenbacker
91.7%
Eddie Murphy
1.9%
Eddie Van Halen
5.2%
Which was a Friends co-star? Matthew Perry
91.5%
Matthew McConaughey
2.6%
Matthew Broderick
3.5%
Which is famous for his leading role in the High School Musical franchise? Zac Efron
90%
Zach Galifianakis
3.3%
Zachary Taylor
3.1%
Which was Prime Minister of Canada? Pierre Trudeau
89.3%
Pierre Cardin
5.7%
Pierre Curie
2.2%
Which was a member of Led Zeppelin? John Bonham
87.6%
John Cena
7.7%
John Lennon
2.5%
Which was the top pin-up girl for GIs during World War II? Rita Hayworth
86.5%
Rita Moreno
3.9%
Rita Mae Brown
6.5%
Which was Lord Protector of the Commonwealth of England, Scotland, and Ireland? Oliver Cromwell
86.4%
Oliver Twist
1.4%
Oliver Wendell Holmes
9.5%
Which was the partner of Oliver Hardy? Stan Laurel
84.4%
Stan Lee
8.6%
Stan Mikita
3.9%
Which was a doctor on M*A*S*H? Frank Burns
77.9%
George Burns
12.7%
C. Montgomery Burns
8.9%
Which was a member of Monty Python’s Flying Circus? Graham Chapman
74.4%
Graham Parker
20.3%
Graham Cracker
3.5%
Which was known as Dear Abby? Abigail Van Buren
69.2%
Abigail Adams
23.2%
Westminster Abbey
7.3%
Which was the inventor and manufacturer of Cabbage Patch Kids? Xavier Roberts
67.3%
Xavier Cugat
24.3%
Xavier Musketeers
4.8%
Which wrote the song 'God Bless America'? Irving Berlin
67%
Irving Thalberg
8.2%
Irving Wallace
22.7%
Which was Archbishop of Canterbury from 1162 until his murder in 1170? Thomas Becket
63.8%
Thomas Aquinas
31.6%
Thomas the Tank Engine
1.3%
Which won an Oscar for the movie Airport? Helen Hayes
56%
Helen Mirren
38.7%
Helen Wheels
3.4%
Which portrayed Lily Munster? Yvonne De Carlo
55.3%
Yvonne Elliman
20.9%
Yvonne Craig
20.2%
Which was Oscar nominated for their role in The Goodbye Girl? Quinn Cummings
47.4%
Quinn Buckner
18%
Quinn Martin
31.5%
Which had a hit with 'Angel of the Morning'? Juice Newton
44.5%
Olivia Newton-John
49.9%
Isaac Newton
3%

You're not logged in!

Compare scores with friends on all Sporcle quizzes.
OR
Log In

You Might Also Like...

Show Comments

Extras

Top Quizzes Today


Score Distribution

Your Account Isn't Verified!

In order to create a playlist on Sporcle, you need to verify the email address you used during registration. Go to your Sporcle Settings to finish the process.

Report this User

Report this user for behavior that violates our Community Guidelines.

Details: